000 02182nam a2200325 a 4500
001 000000690
003 DO-SdBNP
005 20221024102406.0
008 090422s2003 dr a 000 0 spa d
040 _aDO-SdBNP
_bspa
_cBPMSU
082 _a323.4
_bP762ha 2003
_222
100 1 _aPolanco, Vielka
245 1 0 _aHacia un plan nacional de educación en derechos humanos
_b diagnóstico /
_cVielka Polanco, Marta Rodríguez , Jacqueline Jiménez Polanco ; presentación, Nick Fabiancic, Luis Tiburcio ; prefacio primera dama de la República Dominicana Rosa Gómez de Mejía.
260 _aSanto Domingo :
_bUNESCO;
_bFLACSO,
_c2003.
300 _a2v. :
_bil. ;
_c27 cm.
505 0 _gv. 1.
_tDiagnóstico --
_tPrefacio --
_tPresentación --
_tIntroducción --
_tAntecedentes --
_tFundamentos teóricos y metodológicos --
_tMetodología --
_tMatriz utilizada para la recopilación y examen de información --
_tDiagnóstico de la educación en derechos humanos en la enseñanza formal básica, media, superior y la formación de maestros/as /
_rVielka Polanco --
_tDiagnóstico sobre la situación de la educación en derechos humanos en administración pública, sector justicia, las Fuerzas Armadas y la Policía Nacional /
_rMartha Rodríguez Caba --
_tDiagnóstico de la educación en derecho humanos desde el horizonte de la sociedad civil /
_rJaqueline Jiménez Polanco --
_gv. 2 .
_tLineamientos estratégicos ---
_tDiagnóstico sobre la educación en derechos humanos en la República Dominicana --
_tHacia un plan nacional de educación en derechos humanos --
_tEstrategias para la implementación del plan nacional.
590 _aInventariado, 2022/VM
650 4 _aDerechos humanos
_xEstudio y enseñanza
_zRepública Dominicana
650 4 _aEducación
_xLegislación
_zRepública Dominicana
650 4 _aEducación para los derechos humanos.
700 1 _aRodríguez, Marta
700 1 _aJiménez Polanco, Jacqueline
700 1 _aFabiancic, Nick
700 1 _aTiburcio, Luis
700 1 _aGómez de Mejía, Rosa
710 2 _a Programa de las Naciones Unidas para el Desarrollo
710 2 _aFLACSO (República Dominicana)
910 _aVMateo V./Validado.
942 _2ddc
_cBK
999 _c14315
_d14315